| 000 | 00517nam a2200193Ia 4500 | ||
|---|---|---|---|
| 003 | LDD | ||
| 008 | 181029s9999 xx 000 0 und d | ||
| 020 |
_a471123269 _cUS _25.95 |
||
| 040 | _cLDD | ||
| 100 | _aHOOK, Brian | ||
| 245 | 0 |
_aBuilding a 3D game engine in C++ _cBrian HOOK |
|
| 260 |
_aNew York _bJohn Wiley _c1995 |
||
| 300 | _axxv,421p.+ | ||
| 365 |
_bUS _25.95 |
||
| 901 |
_a304 _b11-03-1996 |
||
| 902 |
_a9885 _b12-03-1996 _cF _dASIAN _e4 |
||
| 903 |
_aDiscount-10 _bReqst by : Pant, M.M. |
||
| 942 |
_2ddc _cBK |
||
| 999 |
_c51710 _d51710 |
||